000 00343nam a22001217a 4500
999 _c3235
_d3235
005 20201119134613.0
008 201119b ||||| |||| 00| 0 eng d
020 _a0719004853
040 _cCML
245 _aHIghtown Grammer.
_cLacey C.
260 _aLondon
_bOpen University
_c1971
942 _2ddc
_cBK
_e1st Edition
_h301.56
_mLAC